Statistiken für Schweiz vs. Liechtenstein Quiz

Klicken Sie hier um das Quiz zu spielen!

Allgemein

  • Dieses Quiz wurde 103 mal gespielt
  • Das Durchschnittsergebnis liegt bei 6 aus 12

Antwortstatistiken

FrageAntwort% Korrekt
Welches Land ist grösser?Schweiz
98%
Welches Land hat mehr Einwohner?Schweiz
98%
Wessen Flagge hat die Farbe Rot?Beider Länder
80%
Wessen Staatsgebiet ist mit einem höheren Prozentsatz von Alpen gesäumt?Liechtenstein
55%
Welcher Staat ist eine föderale Republik?Schweiz
49%
Wo herrscht eine höhere Bevölkerungsdichte?Liechtenstein
48%
In welchem Land nennt sich die unterste Verwaltungseinheit "Gemeinden"?In beiden Ländern
47%
Wer hat ein politisches Zweikammersystem?Schweiz
44%
Wo findet man einen höheren bewaldeten Anteil?Liechtenstein
41%
Welches Land kennt zwei grosse Volksparteien, welche die meiste Zeit gemeinsam Politik betreiben und zusammen in einer Koalition stehen?Liechtenstein
33%
Welches dieser Länder kennt einen Grafen seines eigenen Landes als Oberhaupt?Keines dieser Länder
15%
Welches Land kennt das System von Regierung und Opposition?Liechtenstein
15%

Verteilung der Resultate

Perzentil nach korrekt beantworteten Fragen

Anzahl Personen mit jedem Resultat

Ihre Resultats-Entwicklung

Sie haben dieses Quiz noch nicht gespielt